Представление документа в формате MARC21

ПолеНазваниеЗначение
  Тип записи a
  Библиографический уровень m
001 Контрольный номер RU/URAIT/545511
003 Принадлежность контрольного номера https://urait.ru/bcode/545511
005 Дата корректировки 20240827112608.4
008 Кодируемые данные
020 Индекс ISBN __
a ISBN 978-5-534-18764-9
c Цена, тираж 299.00
040 Источник каталогиз. __
a Служба первич. каталог. ИКО Юрайт
b Код языка каталог. rus
c Служба, преобразующая запись ИКО Юрайт
041 Код языка издания 0_
a Код языка текста rus
044 Код страны публикации __
a Код страны публикации RU
073 _1
a 9785534187649
d 299.00
080 Индекс УДК __
a Индекс УДК 66.01(075.8)
084 Индекс другой классификации/Индекс ББК __
a Индекс другой классификации/Индекс ББК 35.11я73
2 Источник индекса rubbk
091 Индексы/ коды __
a Индекс ББК (DOS) 35.11я73
z rubbk
100 Автор 1_
a Автор Игнатенков В. И.
q Полное имя Владимир Иванович
230 __
a Электрон. дан.
245 Заглавие 00
a Заглавие Химические процессы и реакторы
b Продолж. заглавия учебное пособие
c Ответственность В. И. Игнатенков.
260 Выходные данные 1_
a Место издания Москва
b Издательство Юрайт
c Дата издания 2024
300 Физическое описание __
a Объем 117 с
440 Серия _0
a Серия Высшее образование
500 Примечания __
a Примечание URL: https://urait.ru/bcode/545511 (дата обращения: 27.08.2024).
520 Аннотация __
a Аннотация В курсе рассматривается влияние стехиометрических, термодинамических и кинетических закономерностей на химическое превращение с целью более полной переработки исходного компонента и получения наибольшего выхода целевого продукта. Химическое превращение осуществляется в реакторах разного типа или в разных системах одноимённых реакторов. Выбор типа реактора или системы реакторов зависит от интенсивности единичного реактора или системы реакторов, а также от выхода целевого продукта. Курс соответствует требованиям Федерального государственного стандарта высшего образования. Данный курс предназначен для студентов химико-технологических факультетов ВУЗов, а также будет полезен при изучении других курсов по химической технологии.
538 Прим. о системных особенностях __
a Прим. о системных особенностях Режим доступа: Электронно-библиотечная система Юрайт, для авториз. пользователей
653 Ключевые слова 2_
a Ключевые слова Химия. Химические технологии
653 Ключевые слова 2_
a Ключевые слова Естественные науки
653 Ключевые слова 2_
a Ключевые слова Химические процессы и реакторы
653 Ключевые слова 2_
a Ключевые слова Химические реакторы
653 Ключевые слова 2_
a Ключевые слова Химические реакторы производств нитропродуктов
653 Ключевые слова 2_
a Ключевые слова Химические реакторы, топливные элементы, электрохимические установки
653 Ключевые слова 2_
a Ключевые слова Химические процессы химической технологии
653 Ключевые слова 2_
a Ключевые слова Химические реакторы газо- и нефтехимии
653 Ключевые слова 2_
a Ключевые слова Общая химическая технология и химические реакторы
653 Ключевые слова 2_
a Ключевые слова Химические реакторы и макрокинетика
856 Электронный адрес документа 40
n Местонахождение сервера Юрайт
g Электронная книга
q Тип электронного формата html
h Имя пользователя ЮРАЙТ
v Часы доступа к ресурсу 20251231
2 Способ доступа Показать документ
x Служебное примечание https://urait.ru/book/cover/129DA36E-5B2C-4986-9D9F-A80E3D8814F2
u URL https://urait.ru/bcode/545511
856 Электронный адрес документа 41
q Тип электронного формата cover
u URL https://urait.ru/book/cover/129DA36E-5B2C-4986-9D9F-A80E3D8814F2